Prix Nobel de physiologie et médecine - Statistiques

Statistiques générales
  • Ce quiz a été pris 37 fois
  • Le résultat moyen est 4 sur 225
Statistiques - réponses
Année Lauréats Pays Travaux récompensés % Correct
1945 Alexander Fleming Royaume-Uni pour la découverte de la pénicilline et de ses effets curatifs dans diverses maladies infectieuses.
32%
1962 James Dewey Watson États-Unis pour leurs découvertes sur la structure moléculaire des acides nucléiques et sa signification pour la transmission de l'information pour la matière vivante.
24%
1905 Robert Koch Allemagne pour ses recherches et découvertes en relation avec la tuberculose.
24%
1962 Francis Harry Compton Crick Royaume-Uni pour leurs découvertes sur la structure moléculaire des acides nucléiques et sa signification pour la transmission de l'information pour la matière vivante.
20%
2008 Luc Montagnier France pour « leur découverte du virus de l'immunodéficience humaine »
20%
1992 Edwin G. Krebs États-Unis pour « leurs découvertes concernant les phosphorylations réversibles de protéines comme un mécanisme de régulation biologique ».
16%
1953 Hans Adolf Krebs Royaume-Uni pour sa découverte du cycle de l'acide citrique
16%
1974 Albert Claude Belgique pour leurs découvertes concernant l'organisation structurelle et fonctionnelle de la cellule.
12%
1906 Camillo Golgi Italie en reconnaissance de leurs travaux sur la structure du système nerveux.
12%
2008 Françoise Barré-Sinoussi France pour « leur découverte du virus de l'immunodéficience humaine »
12%
1946 Hermann Joseph Muller États-Unis pour la découverte de la génération de mutations par le moyen des rayons X.
12%
1904 Ivan Petrovich Pavlov Empire russe en reconnaissance de son travail sur la physiologie digestive, grâce auquel la connaissance sur les aspects vitaux du sujet a été transformée et élargie.
12%
1948 Paul Hermann Müller Suisse pour sa découverte de la haute efficacité du DDT comme un poison de contact contre différents arthropodes.
12%
1912 Alexis Carrel France en reconnaissance de son travail sur les sutures vasculaires et la transplantation de vaisseaux sanguins et d'organes.
8%
1928 Charles Jules Henri Nicolle France pour son travail sur le typhus exanthématique.
8%
1907 Charles Louis Alphonse Laveran France en reconnaissance de son travail sur le rôle joué par les parasites protozoaires responsables du paludisme
8%
1913 Charles Richet France en reconnaissance de son travail sur l'anaphylaxie.
8%
1974 Christian de Duve Belgique pour leurs découvertes concernant l'organisation structurelle et fonctionnelle de la cellule.
8%
1965 François Jacob France pour leurs découvertes concernant le contrôle génétique des synthèses enzymatiques et virales
8%
1978 Hamilton O. Smith États-Unis pour la découverte des enzymes de restriction et leur application aux problèmes de génétique moléculaire.
8%
2011 Jules Hoffmann France pour leurs travaux sur le système immunitaire inné
8%
1977 Roger Guillemin France pour leurs découvertes concernant la production d'hormones peptidiques dans le cerveau.
8%
1902 Ronald Ross Royaume-Uni pour son travail sur la malaria, par lequel il a montré comment le parasite infectait l'organisme et ainsi a posé les bases de la recherche et de la lutte contre la maladie.
8%
1910 Albrecht Kossel Allemagne en reconnaissance de ses contributions au savoir de la chimie cellulaire faite grâce à ses travaux sur les protéines et les acides nucléiques.
4%
1911 Allvar Gullstrand Suède pour son travail sur les dioptries de l'œil
4%
1956 André Frédéric Cournand France/États-Unis pour leur découvertes concernant la cathétérisation cardiaque et les changements pathologiques dans le système circulatoire.
4%
1965 André Lwoff France pour leurs découvertes concernant le contrôle génétique des synthèses enzymatiques et virales
4%
2021 Ardem Patapoutian Liban/États-Unis pour la découverte de récepteurs de la température et du toucher
4%
2020 Charles M. Rice États-Unis pour la découverte du virus de l'hépatite C
4%
1932 Charles Scott Sherrington Royaume-Uni pour leurs découvertes sur les fonctions des neurones.
4%
2021 David Julius États-Unis pour la découverte de récepteurs de la température et du toucher
4%
1990 Donnall Thomas États-Unis pour « leurs découvertes concernant les transplantations d'organes et cellulaires pour le traitement des maladies humaines ».
4%
2014 Edvard Moser Norvège pour leurs découvertes de cellules qui permettent au cerveau de se positionner dans l'espace
4%
1901 Emil Adolf von Behring Allemagne pour son travail précurseur sur les sérums en particulier contre la diphtérie
4%
1909 Emil Theodor Kocher Suisse pour son travail sur la physiologie, la pathologie et la chirurgie de la glande thyroïde
4%
1945 Ernst Boris Chain Royaume-Uni pour la découverte de la pénicilline et de ses effets curatifs dans diverses maladies infectieuses.
4%
1929 Frederick Gowland Hopkins Royaume-Uni pour sa découverte des vitamines stimulant la croissance.
4%
1954 Frederick Robbins États-Unis pour leur découverte sur la capacité du virus de la poliomyélite à croitre dans des cultures de différents tissus.
4%
1934 George Hoyt Whipple États-Unis pour leurs découvertes concernant les thérapies hépatiques dans les cas d'anémies.
4%
1934 George Richards Minot États-Unis pour leurs découvertes concernant les thérapies hépatiques dans les cas d'anémies.
4%
2020 Harvey J. Alter États-Unis pour la découverte du virus de l'hépatite C
4%
1944 Herbert Spencer Gasser États-Unis pour leurs découvertes des fonctions hautement différenciées d'une fibre nerveuse isolée.
4%
1945 Howard Walter Florey Australie pour la découverte de la pénicilline et de ses effets curatifs dans diverses maladies infectieuses.
4%
1908 Ilya Ilitch Metchnikov Empire russe en reconnaissance de leurs travaux sur l'immunité
4%
1965 Jacques Monod France pour leurs découvertes concernant le contrôle génétique des synthèses enzymatiques et virales
4%
1988 James Black Royaume-Uni pour «leur découverte des principes importants des traitements médicamenteux ».
4%
1980 Jean Dausset France pour « leurs découvertes concernant les structures génétiquement déterminées à la surface des cellules qui régulent les réactions immunologiques ».
4%
1944 Joseph Erlanger États-Unis pour leurs découvertes des fonctions hautement différenciées d'une fibre nerveuse isolée.
4%
1919 Jules Bordet Belgique pour ses découvertes relatives à l'immunité.
4%
2014 May-Britt Moser Norvège pour leurs découvertes de cellules qui permettent au cerveau de se positionner dans l'espace
4%
1903 Niels Ryberg Finsen Danemark en reconnaissance de sa contribution au traitement de maladies, en particulier le lupus, avec des radiations lumineuses (UV) ouvrant ainsi une nouvelle voie
4%
1936 Otto Loewi Reich allemand pour leurs découvertes relatives à la transmission chimique des signaux nerveux .
4%
1908 Paul Ehrlich Allemagne en reconnaissance de leurs travaux sur l'immunité
4%
1914 Robert Bárány Autriche-Hongrie pour son travail sur la physiologie et la pathologie de l'appareil vestibulaire.
4%
1906 Santiago Ramón y Cajal Espagne en reconnaissance de leurs travaux sur la structure du système nerveux.
4%
2022 Svante Pääbo Suède pour ses découvertes concernant les génomes des homininés éteints et l'évolution humaine
4%
1933 Thomas Hunt Morgan États-Unis pour ses découvertes concernant le rôle joué par les chromosomes dans l'hérédité.
4%
1924 Willem Einthoven Pays-Bas pour la découverte du mécanisme de l'électrocardiogramme.
4%
1963 Alan Lloyd Hodgkin Royaume-Uni pour leurs découvertes concernant les mécanismes ioniques impliqués dans l'excitation et l'inhibition des portions périphérique et centrale de la membrane cellulaire des nerfs.
0%
1937 Albert Szent-Györgyi Royaume de Hongrie pour ses découvertes en rapport avec les processus de combustion biologique, en rapport avec la vitamine C et la catalyse de l'acide fumarique .
0%
1969 Alfred D. Hershey États-Unis pour leurs découvertes concernant le mécanisme de la réplication et la structure génétique des virus.
0%
1994 Alfred G. Gilman États-Unis pour « leur découverte des protéines G et du rôle de ces protéines dans la transduction des signaux cellulaires ».
0%
1979 Allan MacLeod Cormack États-Unis pour le développement de tomodensitométrie.
0%
1963 Andrew Fielding Huxley Royaume-Uni pour leurs découvertes concernant les mécanismes ioniques impliqués dans l'excitation et l'inhibition des portions périphérique et centrale de la membrane cellulaire des nerfs.
0%
2006 Andrew Z. Fire États-Unis pour « leurs découvertes de l'extinction de l'expression des gènes par des ARN interférents double-brins ».
0%
1977 Andrzej Wiktor Schally Pologne/États-Unis pour leurs découvertes concernant la production d'hormones peptidiques dans le cerveau.
0%
1922 Archibald Vivian Hill Royaume-Uni pour sa découverte relative à la production de chaleur dans le muscle
0%
1959 Arthur Kornberg États-Unis pour leur découverte des mécanismes de synthèse biologique des acides ribonucléiques et des acides désoxyribonucléiques.
0%
2000 Arvid Carlsson Suède pour « avoir prouvé que la dopamine est le neurotransmetteur dont la déplétion provoque les symptômes de la maladie de Parkinson ».
0%
1955 Axel Hugo Theodor Theorell Suède pour ses découvertes concernant la nature et le mode d'action des enzymes oxydatives
0%
1983 Barbara McClintock États-Unis pour « sa découverte des transposons ».
0%
2005 Barry J. Marshall Australie pour « leur découverte de la bactérieHelicobacter pyloriet de son rôle dans les gastrites et les ulcères de l'estomac ».
0%
1976 Baruch S. Blumberg États-Unis pour leurs découvertes concernant de nouveaux mécanismes pour l'origine et la dissémination des maladies infectieuses.
0%
1980 Baruj Benacerraf États-Unis/Venezuela pour « leurs découvertes concernant les structures génétiquement déterminées à la surface des cellules qui régulent les réactions immunologiques ».
0%
1982 Bengt Samuelsson Suède pour « leurs découvertes concernant les prostaglandines et les substances biologiquement actives associées ».
0%
1970 Bernard Katz Royaume-Uni pour leurs découvertes concernant les transmetteurs humoraux dans les terminaisons nerveuses et les mécanismes de leur stockage, relargage et inactivation.
0%
1947 Bernardo Alberto Houssay Argentine pour sa découverte du rôle joué par l'hormone du lobe de l'hypophyse antérieure dans le métabolisme des sucres.
0%
1991 Bert Sakmann Allemagne pour « leurs découvertes des fonctions des canaux ioniques isolés dans les cellules ».
0%
2011 Bruce Beutler États-Unis pour leurs travaux sur le système immunitaire inné
0%
1947 Carl Ferdinand Cori États-Unis pour leur découverte du processus de conversion catalytique du glycogène.
0%
2009 Carol Greider États-Unis pour « leur découverte des mécanismes de protection des chromosomes par les télomères et les télomérases »
0%
1984 Cesar Milstein Argentine pour « les théories concernant la spécificité dans le développement et le contrôle du système immunitaire et la découverte du principe de production des anticorps monoclonaux ».
0%
1966 Charles Brenton Huggins États-Unis pour ses découvertes concernant les traitements hormonaux des cancers de la prostate.
0%
1929 Christiaan Eijkman Pays-Bas pour sa découverte des vitamines anti-neuritiques
0%
1995 Christiane Nüsslein-Volhard Allemagne pour « leurs découvertes concernant le contrôle génétique des phases précoces du développement embryonnaire ».
0%
1938 Corneille Jean François Heymans Belgique pour la découverte du rôle joué par le sinus et les mécanismes aortiques dans la régulation de la respiration .
0%
2006 Craig C. Mello États-Unis pour « leurs découvertes de l'extinction de l'expression des gènes par des ARN interférents double-brins ».
0%
1957 Daniel Bovet Suisse/Italie pour ses découvertes relatives aux composés synthétiques qui inhibent l'action de certaines substances corporelles, et spécialement leur action sur le système vasculaire et les muscles squelettiques
0%
1976 Daniel Carleton Gajdusek États-Unis pour leurs découvertes concernant de nouveaux mécanismes pour l'origine et la dissémination des maladies infectieuses.
0%
1978 Daniel Nathans États-Unis pour la découverte des enzymes de restriction et leur application aux problèmes de génétique moléculaire.
0%
1975 David Baltimore États-Unis pour leurs découvertes concernant les virus cancérigènes et le matériel génétique de la cellule.
0%
1981 David Hubel États-Unis pour «leurs découvertes concernant l'analyse des informations dans le système visuel. »
0%
1956 Dickinson W. Richards États-Unis pour leur découvertes concernant la cathétérisation cardiaque et les changements pathologiques dans le système circulatoire.
0%
1971 Earl W. Sutherland, Jr. États-Unis pour ses découvertes les mécanismes d'action des hormones.
0%
1932 Edgar Douglas Adrian Royaume-Uni pour leurs découvertes sur les fonctions des neurones.
0%
1992 Edmond Fischer Suisse/États-Unis pour « leurs découvertes concernant les phosphorylations réversibles de protéines comme un mécanisme de régulation biologique ».
0%
1943 Edward Adelbert Doisy États-Unis pour sa découverte de la nature chimique de la vitamine K.
0%
1995 Edward B. Lewis États-Unis pour « leurs découvertes concernant le contrôle génétique des phases précoces du développement embryonnaire ».
0%
1950 Edward Calvin Kendall États-Unis pour leurs découvertes relatives aux hormones du cortex des glandes surrénales, leur structure et les effets biologiques.
0%
1958 Edward Lawrie Tatum États-Unis pour leur découverte que les gènes agissent en régulant des évènements chimiques définis.
0%
1949 Egas Moniz Portugal pour sa découverte de la valeur thérapeutique de la lobotomie dans certaines psychoses.
0%
2009 "Elizabeth Blackburn États-Unis pour « leur découverte des mécanismes de protection des chromosomes par les télomères et les télomérases »
0%
1995 Eric F. Wieschaus États-Unis pour « leurs découvertes concernant le contrôle génétique des phases précoces du développement embryonnaire ».
0%
2000 Eric R. Kandel États-Unis pour « avoir décrit les bases moléculaires de la mémoire à court terme et à long terme ».
0%
1991 Erwin Neher Allemagne pour « leurs découvertes des fonctions des canaux ioniques isolés dans les cellules ».
0%
1964 Feodor Lynen Allemagne de l'Ouest pour leurs découvertes concernant le mécanisme et la régulation du métabolisme du cholestérol et des acides gras.
0%
1998 Ferid Murad États-Unis pour « leurs découvertes concernant l'oxyde nitrique, une nouvelle molécule de signalisation dans le système cardiovasculaire ».
0%
1960 Frank Macfarlane Burnet Australie pour leur découverte de la tolérance immunologique acquise.
0%
1923 Frederick Banting Canada pour leur découverte de l'insuline.
0%
1953 Fritz Albert Lipmann États-Unis pour sa découverte du coenzyme A et de son importance pour le métabolisme intermédiaire.
0%
1974 George Emil Palade États-Unis/Roumanie pour leurs découvertes concernant l'organisation structurelle et fonctionnelle de la cellule.
0%
1988 George Hitchings États-Unis pour «leur découverte des principes importants des traitements médicamenteux ».
0%
1984 Georges J.F. Köhler Allemagne de l'Ouest pour « les théories concernant la spécificité dans le développement et le contrôle du système immunitaire et la découverte du principe de production des anticorps monoclonaux ».
0%
1980 George Snell États-Unis pour « leurs découvertes concernant les structures génétiquement déterminées à la surface des cellules qui régulent les réactions immunologiques ».
0%
1967 George Wald États-Unis pour leurs découvertes concernant la physiologie primaire et les processus chimiques visuels dans l'œil.
0%
1958 George Wells Beadle États-Unis pour leur découverte que les gènes agissent en régulant des évènements chimiques définis.
0%
1961 Georg von Békésy États-Unis pour ses découvertes sur le mécanisme physique de la stimulation interne de la cochlée.
0%
1972 Gerald M. Edelman États-Unis pour leurs découvertes concernant la structure chimique des anticorps.
0%
1939 Gerhard Domagk Reich allemand pour sa découverte des effets antibactériens du Prontosil.
0%
1988 Gertrude Elion États-Unis pour «leur découverte des principes importants des traitements médicamenteux ».
0%
1947 Gerty Theresa Cori États-Unis pour leur découverte du processus de conversion catalytique du glycogène.
0%
1979 Godfrey Newbold Hounsfield Royaume-Uni pour le développement de tomodensitométrie.
0%
2019 Gregg L. Semenza États-Unis pour leurs découvertes sur la façon dont les cellules sentent et s'adaptent à la disponibilité de l'oxygène.
0%
1999 Günter Blobel Allemagne/États-Unis pour « la découverte que les protéines possèdent un signal intrinsèque qui gouverne leur transport et leur localisation dans la cellule ».
0%
1967 Haldan Keffer Hartline États-Unis pour leurs découvertes concernant la physiologie primaire et les processus chimiques visuels dans l'œil.
0%
1935 Hans Spemann Reich allemand pour sa découverte de l'organisation du développement embryonnaire.
0%
2008 Harald zur Hausen Allemagne pour « sa découverte des papillomavirus humains responsables de cancers du col de l'utérus »
0%
1968 Har Gobind Khorana États-Unis pour leur interprétation du code génétique et de ses fonctions dans la synthèse protéique.
0%
1989 Harold Varmus États-Unis pour « leur découverte de l'origine cellulaire des oncogènes rétroviraux ».
0%
1943 Henrik Carl Peter Dam Danemark pour sa découverte de la vitamine K.
0%
1936 Henry Hallett Dale Royaume-Uni pour leurs découvertes relatives à la transmission chimique des signaux nerveux .
0%
1975 Howard Martin Temin États-Unis pour leurs découvertes concernant les virus cancérigènes et le matériel génétique de la cellule.
0%
2002 H. Robert Horvitz États-Unis pour « leurs découvertes concernant la régulation génétique du développement des organes et la mort cellulaire programmée ».
0%
2009 Jack Szostak États-Unis pour « leur découverte des mécanismes de protection des chromosomes par les télomères et les télomérases »
0%
2018 James P. Allison États-Unis pour leurs découvertes en immunothérapie ayant permis de faire avancer la connaissance dans le traitement du cancer.
0%
2013 James Rothman États-Unis pour leurs découvertes sur les mécanismes régulant les trafics vésiculaires et leur importance dans les transports cellulaires
0%
2017 Jeffrey C. Hall États-Unis recherches sur le contrôle des rythmes circadiens
0%
1989 J. Michael Bishop États-Unis pour « leur découverte de l'origine cellulaire des oncogènes rétroviraux ».
0%
1926 Johannes Andreas Grib Fibiger Danemark pour sa découverte de Spiroptera carcinoma ou gongylonema neoplasticum (en).
0%
1963 John Carew Eccles Australie pour leurs découvertes concernant les mécanismes ioniques impliqués dans l'excitation et l'inhibition des portions périphérique et centrale de la membrane cellulaire des nerfs.
0%
1954 John Enders États-Unis pour leur découverte sur la capacité du virus de la poliomyélite à croitre dans des cultures de différents tissus.
0%
2002 John E. Sulston Royaume-Uni pour « leurs découvertes concernant la régulation génétique du développement des organes et la mort cellulaire programmée ».
0%
2012 John Gurdon Royaume-Uni pour la découverte de la reprogrammation de cellules matures en cellules pluripotentes
0%
1923 John James Richard Macleod Royaume-Uni pour leur découverte de l'insuline.
0%
2014 John O'Keefe Royaume-Uni/États-Unis pour leurs découvertes de cellules qui permettent au cerveau de se positionner dans l'espace
0%
1982 John Vane Royaume-Uni pour « leurs découvertes concernant les prostaglandines et les substances biologiquement actives associées ».
0%
1985 Joseph Goldstein États-Unis pour « leurs découvertes concernant la régulation du métabolisme du cholestérol ».
0%
1990 Joseph Murray États-Unis pour « leurs découvertes concernant les transplantations d'organes et cellulaires pour le traitement des maladies humaines ».
0%
1958 Joshua Lederberg États-Unis pour ses découvertes concernant la recombinaison génétique et l'organisation du matériel génétique des bactéries.
0%
2005 J. Robin Warren Australie pour « leur découverte de la bactérieHelicobacter pyloriet de son rôle dans les gastrites et les ulcères de l'estomac ».
0%
1970 Julius Axelrod États-Unis pour leurs découvertes concernant les transmetteurs humoraux dans les terminaisons nerveuses et les mécanismes de leur stockage, relargage et inactivation.
0%
1927 Julius Wagner-Jauregg Autriche pour sa découverte de la valeur thérapeutique de l'inoculation de la malaria dans le traitement de la paralysie générale.
0%
1930 Karl Landsteiner Autriche pour sa découverte des groupes sanguins humains.
0%
1973 Karl von Frisch Autriche pour leurs découvertes concernant l'organisation et l'incitation des comportements individuels et sociaux .
0%
1964 Konrad Bloch États-Unis pour leurs découvertes concernant le mécanisme et la régulation du métabolisme du cholestérol et des acides gras.
0%
1973 Konrad Lorenz Autriche pour leurs découvertes concernant l'organisation et l'incitation des comportements individuels et sociaux .
0%
2001 Leland H. Hartwell États-Unis pour « leur découverte de la cycline et des enzymes kinases dépendantes de la cycline, des molécules fondamentales de la régulation du cycle cellulaire ».
0%
2004 Linda B. Buck États-Unis pour « leurs découvertes des récepteurs olfactifs et de l'organisation du système olfactif ».
0%
1998 Louis J. Ignarro États-Unis pour « leurs découvertes concernant l'oxyde nitrique, une nouvelle molécule de signalisation dans le système cardiovasculaire ».
0%
2007 Mario Capecchi États-Unis pour « leurs découvertes sur les principes d'introduction spécifique d'une modification génétique chez les souris grâce à l'utilisation de cellules embryonnaires souches ».
0%
1968 Marshall Nirenberg États-Unis pour leur interprétation du code génétique et de ses fonctions dans la synthèse protéique.
0%
2007 Martin Evans Royaume-Uni pour « leurs découvertes sur les principes d'introduction spécifique d'une modification génétique chez les souris grâce à l'utilisation de cellules embryonnaires souches ».
0%
1994 Martin Rodbell États-Unis pour « leur découverte des protéines G et du rôle de ces protéines dans la transduction des signaux cellulaires ».
0%
1962 Maurice Hugh Frederick Wilkins Royaume-Uni pour leurs découvertes sur la structure moléculaire des acides nucléiques et sa signification pour la transmission de l'information pour la matière vivante.
0%
1969 Max Delbrück Allemagne de l'Ouest/États-Unis pour leurs découvertes concernant le mécanisme de la réplication et la structure génétique des virus.
0%
1951 Max Theiler Afrique du Sud pour sa découverte concernant la fièvre jaune et les moyens de lutte.
0%
1985 Michael Brown États-Unis pour « leurs découvertes concernant la régulation du métabolisme du cholestérol ».
0%
2020 Michael Houghton Royaume-Uni pour la découverte du virus de l'hépatite C
0%
2017 Michael Rosbash États-Unis recherches sur le contrôle des rythmes circadiens
0%
2017 Michael W. Young États-Unis recherches sur le contrôle des rythmes circadiens
0%
1984 Niels Jerne Danemark pour « les théories concernant la spécificité dans le développement et le contrôle du système immunitaire et la découverte du principe de production des anticorps monoclonaux ».
0%
1973 Nikolaas Tinbergen Pays-Bas pour leurs découvertes concernant l'organisation et l'incitation des comportements individuels et sociaux .
0%
2007 Oliver Smithies États-Unis pour « leurs découvertes sur les principes d'introduction spécifique d'une modification génétique chez les souris grâce à l'utilisation de cellules embryonnaires souches ».
0%
1922 Otto Fritz Meyerhof Allemagne pour sa découverte de la relation fixe entre la consommation d'oxygène et le métabolisme de l'acide lactique dans le muscle.
0%
1931 Otto Heinrich Warburg Allemagne pour sa découverte de la nature et du mode d'action des enzymes respiratoires.
0%
2003 Paul C. Lauterbur États-Unis pour « leur découvertes concernant l'imagerie par résonance magnétique ».
0%
2000 Paul Greengard États-Unis pour « avoir montré comment les neurotransmetteurs agissent sur les cellules et peuvent activer une molécule importante connue sous le nom de DARPP-32 ».
0%
2001 Paul M. Nurse Royaume-Uni pour « leur découverte de la cycline et des enzymes kinases dépendantes de la cycline, des molécules fondamentales de la régulation du cycle cellulaire ».
0%
1960 Peter Brian Medawar Royaume-Uni pour leur découverte de la tolérance immunologique acquise.
0%
1996 Peter Doherty Australie pour « leur découverte concernant la spécificité de la défense immunitaire cellulaire ».
0%
2019 Peter J. Ratcliffe Royaume-Uni pour leurs découvertes sur la façon dont les cellules sentent et s'adaptent à la disponibilité de l'oxygène.
0%
2003 Peter Mansfield Royaume-Uni pour « leur découvertes concernant l'imagerie par résonance magnétique ».
0%
1966 Peyton Rous États-Unis pour sa découverte des tumeurs induites par les virus.
0%
1950 Philip Showalter Hench États-Unis pour leurs découvertes relatives aux hormones du cortex des glandes surrénales, leur structure et les effets biologiques.
0%
1993 Phillip A. Sharp États-Unis pour « leur découverte des gènes dupliqués ».
0%
1967 Ragnar Granit Suède pour leurs découvertes concernant la physiologie primaire et les processus chimiques visuels dans l'œil.
0%
2011 Ralph Steinman Canada pour ses travaux sur le système immunitaire adaptatif en particulier la découverte des cellules dendritiques
0%
2013 Randy Schekman États-Unis pour leurs découvertes sur les mécanismes régulant les trafics vésiculaires et leur importance dans les transports cellulaires
0%
1975 Renato Dulbecco Italie/États-Unis pour leurs découvertes concernant les virus cancérigènes et le matériel génétique de la cellule.
0%
2004 Richard Axel États-Unis pour « leurs découvertes des récepteurs olfactifs et de l'organisation du système olfactif ».
0%
1993 Richard Roberts Royaume-Uni pour « leur découverte des gènes dupliqués ».
0%
1986 Rita Levi-Montalcini Italie pour « leurs découvertes des facteurs de croissance ».
0%
2010 Robert Edwards Royaume-Uni pour « le développement de la fécondation in vitro ».
0%
1998 Robert F. Furchgott États-Unis pour « leurs découvertes concernant l'oxyde nitrique, une nouvelle molécule de signalisation dans le système cardiovasculaire ».
0%
1968 Robert Holley États-Unis pour leur interprétation du code génétique et de ses fonctions dans la synthèse protéique.
0%
1972 Rodney R. Porter Royaume-Uni pour leurs découvertes concernant la structure chimique des anticorps.
0%
1981 Roger Sperry États-Unis pour « ses découvertes concernant la répartition fonctionnelle des hémisphères cérébraux. »
0%
1996 Rolf M. Zinkernagel Suisse pour « leur découverte concernant la spécificité de la défense immunitaire cellulaire ».
0%
1977 Rosalyn Yalow États-Unis pour le développement des dosages radio-immunologiques des hormones peptidiques.
0%
2001 R. Timothy Hunt Royaume-Uni pour « leur découverte de la cycline et des enzymes kinases dépendantes de la cycline, des molécules fondamentales de la régulation du cycle cellulaire ».
0%
1969 Salvador Luria États-Unis pour leurs découvertes concernant le mécanisme de la réplication et la structure génétique des virus.
0%
2015 Satoshi Ōmura Japon pour leurs découvertes concernant une nouvelle thérapie contre les infections causées par des parasites nématodes
0%
1920 Schack August Steenberg Krogh Danemark pour sa découverte de la régulation du mécanisme du moteur capillaire (ayant montré que les échanges gazeux pulmonaires sont régis par la simple diffusion).
0%
1952 Selman Waksman États-Unis pour sa découverte de la streptomycine, le premier antibiotique effectif contre la tuberculose.
0%
1959 Severo Ochoa Espagne/États-Unis pour leur découverte des mécanismes de synthèse biologique des acides ribonucléiques et des acides désoxyribonucléiques.
0%
2012 Shinya Yamanaka Japon pour la découverte de la reprogrammation de cellules matures en cellules pluripotentes
0%
1986 Stanley Cohen États-Unis pour « leurs découvertes des facteurs de croissance ».
0%
1997 Stanley Prusiner États-Unis pour « sa découverte des prions, un nouveau principe biologique d'infection ».
0%
1982 Sune Bergström Suède pour « leurs découvertes concernant les prostaglandines et les substances biologiquement actives associées ».
0%
1987 Susumu Tonegawa Japon pour « sa découverte des principes génétiques à l'origine de la diversité des anticorps ».
0%
2002 Sydney Brenner Afrique du Sud pour « leurs découvertes concernant la régulation génétique du développement des organes et la mort cellulaire programmée ».
0%
1950 Tadeusz Reichstein Suisse pour leurs découvertes relatives aux hormones du cortex des glandes surrénales, leur structure et les effets biologiques.
0%
2018 Tasuku Honjo Japon pour leurs découvertes en immunothérapie ayant permis de faire avancer la connaissance dans le traitement du cancer.
0%
2013 Thomas Südhof Allemagne pour leurs découvertes sur les mécanismes régulant les trafics vésiculaires et leur importance dans les transports cellulaires
0%
1954 Thomas Weller États-Unis pour leur découverte sur la capacité du virus de la poliomyélite à croitre dans des cultures de différents tissus.
0%
1981 Torsten Wiesel Suède pour «leurs découvertes concernant l'analyse des informations dans le système visuel. »
0%
2015 Tu Youyou Chine pour ses travaux sur une nouvelle thérapie contre le paludisme
0%
1970 Ulf von Euler Suède pour leurs découvertes concernant les transmetteurs humoraux dans les terminaisons nerveuses et les mécanismes de leur stockage, relargage et inactivation.
0%
1949 Walter Rudolf Hess Suisse sa découverte de l'organisation fonctionnelle du diencéphale comme coordinateur des activités des organes internes.
0%
1978 Werner Arber Suisse pour la découverte des enzymes de restriction et leur application aux problèmes de génétique moléculaire.
0%
1956 Werner Forssmann Allemagne de l'Ouest pour leur découvertes concernant la cathétérisation cardiaque et les changements pathologiques dans le système circulatoire.
0%
2015 William C. Campbell Irlande pour leurs découvertes concernant une nouvelle thérapie contre les infections causées par des parasites nématodes
0%
2019 William Kaelin Jr. États-Unis pour leurs découvertes sur la façon dont les cellules sentent et s'adaptent à la disponibilité de l'oxygène.
0%
1934 William Parry Murphy États-Unis pour leurs découvertes concernant les thérapies hépatiques dans les cas d'anémies.
0%
2016 Yoshinori Ohsumi Japon recherches sur le renouvellement cellulaire (autophagie)
0%
Aucun quiz correspondant
Distribution des résultats
% des personnes avec chaque résultat
Percentile par nombre de réponses
Votre historique - résultats
Vous n’avez pas pris ce quiz